[Event "Barcelona Sant Marti op 11th"]
[Site "Barcelona"]
[Date "2024.02.08"]
[Round "5"]
[White "Salazar Navas, Josep"]
[Black "Rios Berral, Javier"]
[Result "1-0"]
[WhiteElo "1518"]
[BlackElo "1732"]
[PlyCount "81"]
[EventDate "2024.01.11"]
[EventType "swiss"]
[EventRounds "9"]
[EventCountry "ESP"]
[SourceTitle "CB11_2024"]
[SourceDate "2024.03.13"]
[SourceVersion "1"]
[SourceVersionDate "2024.03.13"]
[SourceQuality "1"]

1. e4 c5 2. Nc3 e5 3. Bc4 Nf6 4. d3 Be7 5. f4 exf4 6. Bxf4 d6 7. Nf3 0-0 8. 0-0 Be6 9. Nd5 Nxd5 10. exd5 Bg4 11. Qd2 Bf6 12. c3 Qd7 13. Rae1 b5 14. Bb3 Na6 15. a3 Rfe8 16. Qf2 Bf5 17. Bc2 b4 18. axb4 cxb4 19. Ra1 Nc5 20. Qd2 b3 21. Bb1 Re7 22. d4 Ne4 23. Bxe4 Bxe4 24. c4 Rc8 25. Ra6 Rxc4 26. Rxd6 Qe8 27. Be5 Rc2 28. Qf4 Bxe5 29. dxe5 Re2 30. Re1 Bxf3 31. Rxe2 Bxe2 32. Qe3 Bd1 33. e6 fxe6 34. dxe6 Bg4 35. Qd4 Qg6 36. Rd8+ Re8 37. Rxe8+ Qxe8 38. Qxg4 a5 39. Qc4 a4 40. e7+ Kh8 41. Qd5 1-0

[Event "Barcelona Sant Marti op 11th"]
[Site "Barcelona"]
[Date "2024.02.01"]
[Round "4"]
[White "Salazar Navas, Josep"]
[Black "Garcia Garrido, Ferran"]
[Result "1/2-1/2"]
[WhiteElo "1518"]
[BlackElo "1681"]
[PlyCount "86"]
[EventDate "2024.01.11"]
[EventType "swiss"]
[EventRounds "9"]
[EventCountry "ESP"]
[SourceTitle "CB11_2024"]
[SourceDate "2024.03.13"]
[SourceVersion "1"]
[SourceVersionDate "2024.03.13"]
[SourceQuality "1"]

1. e4 c5 2. Nc3 e6 3. Nf3 a6 4. g3 b5 5. Bg2 Bb7 6. Qe2 d6 7. 0-0 Qc7 8. d4 cxd4 9. Nxd4 Nf6 10. Re1 Nbd7 11. Bg5 Be7 12. Rad1 h6 13. Be3 Nc5 14. f3 b4 15. Nb1 d5 16. e5 Nfd7 17. Bf4 Qb6 18. Kh1 Nf8 19. Be3 Qc7 20. c3 bxc3 21. Nxc3 Qxe5 22. Qf2 Qc7 23. Nf5 Nfd7 24. Nxe7 Kxe7 25. Nxd5+ Bxd5 26. Rxd5 Nb7 27. Bf4 Qc6 28. Qd2 Rhd8 29. Qb4+ Kf6 30. Qd4+ Kg6 31. Qd3+ f5 32. Rd6 Nxd6 33. Rxe6+ Kf7 34. Rxd6 Qb5 35. Qd2 Rac8 36. g4 g5 37. Be3 Ke7 38. f4 fxg4 39. fxg5 Ne5 40. Rxd8 Rxd8 41. Qc3 Rd1+ 42. Bg1 Nd3 43. Qf6+ Kd7 1/2-1/2

[Event "Barcelona Sant Marti op 10th"]
[Site "Barcelona"]
[Date "2023.01.12"]
[Round "1"]
[White "Cervello Tost, Roger"]
[Black "Salazar Navas, Josep"]
[Result "1-0"]
[WhiteElo "2024"]
[BlackElo "1584"]
[PlyCount "51"]
[EventDate "2023.01.12"]
[EventType "swiss"]
[EventRounds "9"]
[EventCountry "ESP"]
[SourceTitle "CBM 213 Extra"]
[Source "ChessBase"]
[SourceDate "2023.05.31"]
[SourceVersion "1"]
[SourceVersionDate "2023.05.31"]
[SourceQuality "1"]

1. e4 e6 2. d4 d5 3. Nc3 Nf6 4. e5 Nfd7 5. f4 c5 6. Nf3 Nc6 7. Be3 Be7 8. g3 0-0 9. Bh3 Qb6 10. Rb1 cxd4 11. Nxd4 Nxd4 12. Bxd4 Bc5 13. Ne2 Qa5+ 14. c3 Qxa2 15. 0-0 Qa6 16. Qd2 Bxd4+ 17. cxd4 f5 18. Rfc1 b5 19. Rc7 Rd8 20. Qb4 Bb7 21. Qe7 b4 22. Kf2 Qb5 23. Rbc1 Rac8 24. Rxc8 Rxc8 25. Rxc8+ Bxc8 26. Qe8+ 1-0

[Event "Barcelona Sant Marti op 8th"]
[Site "Barcelona"]
[Date "2019.01.24"]
[Round "2"]
[White "Salazar Navas, Josep"]
[Black "Orts Gonzalez, Rafael"]
[Result "1-0"]
[WhiteElo "1646"]
[BlackElo "1071"]
[PlyCount "45"]
[EventDate "2019.01.17"]
[EventType "swiss"]
[EventRounds "9"]
[EventCountry "ESP"]
[SourceTitle "CBM 189 Extra"]
[Source "ChessBase"]
[SourceDate "2019.06.03"]
[SourceVersion "1"]
[SourceVersionDate "2019.06.03"]
[SourceQuality "1"]

1. e4 e5 2. d4 d6 3. Bc4 Nf6 4. dxe5 dxe5 5. Bxf7+ Ke7 6. Qxd8+ Kxd8 7. Bg5 Be7 8. Nc3 b6 9. 0-0-0+ Nfd7 10. Nf3 h6 11. Bxe7+ Kxe7 12. Bb3 c6 13. Nh4 Rh7 14. Bg8 Kf8 15. Bxh7 Nf6 16. Rd8+ Ke7 17. Rxc8 Nxh7 18. Rd1 c5 19. Nf5+ Kf6 20. Rd6+ Kg5 21. h4+ Kf4 22. f3 Nf6 23. Ne2# 1-0

[Event "Barcelona Sant Marti op 7th"]
[Site "Barcelona"]
[Date "2018.02.15"]
[Round "6"]
[White "Costa Trave, Jaume"]
[Black "Salazar Navas, Josep"]
[Result "1-0"]
[WhiteElo "1952"]
[BlackElo "1721"]
[PlyCount "57"]
[EventDate "2018.01.11"]
[EventType "swiss"]
[EventRounds "9"]
[EventCountry "ESP"]
[SourceTitle "EXT 2019"]
[Source "ChessBase"]
[SourceDate "2018.10.10"]
[SourceVersion "1"]
[SourceVersionDate "2018.10.10"]
[SourceQuality "1"]

1. f4 d5 2. b3 Bg4 3. h3 Bh5 4. g4 e5 5. Bg2 Qh4+ 6. Kf1 Bg6 7. Nf3 Qf6 8. fxe5 Qe6 9. d4 Nc6 10. Nc3 Bb4 11. Ng5 Qd7 12. Nxd5 h6 13. Nxb4 Nxb4 14. Ne4 c6 15. a3 Nd5 16. c4 Nc7 17. Nd6+ Ke7 18. Nxb7 f5 19. Nc5 Qe8 20. g5 Rd8 21. Bf4 Kf8 22. Qd2 Ne6 23. Nxe6+ Qxe6 24. Rd1 hxg5 25. Bxg5 Rd7 26. h4 Nh6 27. Bh3 Nf7 28. Kg2 Nxe5 29. Qe3 1-0

[Event "Barcelona Sant Marti op-B 19th"]
[Site "Barcelona"]
[Date "2017.07.21"]
[Round "9"]
[White "Salazar Navas, Josep"]
[Black "Hebert, Floriane"]
[Result "1-0"]
[WhiteElo "1733"]
[BlackElo "1567"]
[PlyCount "101"]
[EventDate "2017.07.13"]
[EventType "swiss"]
[EventRounds "9"]
[EventCountry "ESP"]
[SourceTitle "EXT 2018"]
[Source "ChessBase"]
[SourceDate "2017.10.13"]
[SourceVersion "1"]
[SourceVersionDate "2017.10.13"]
[SourceQuality "1"]

1. e4 b6 2. d4 Bb7 3. Bd3 Nf6 4. Nc3 e6 5. Nge2 c5 6. d5 exd5 7. exd5 Nxd5 8. Nxd5 Bxd5 9. Nf4 Bc6 10. 0-0 Be7 11. Qh5 h6 12. Re1 d5 13. Ne6 Qd7 14. Bg6 Rf8 15. Bxh6 gxh6 16. Nxf8 Qd6 17. Re6 Qf4 18. Rae1 Kxf8 19. Bxf7 Qxf7 20. Qxh6+ Qg7 21. Qf4+ Qf7 22. Qxf7+ Kxf7 23. Rxe7+ Kf8 24. Rc7 Bb5 25. Ree7 Nc6 26. Rh7 Kg8 27. f3 Re8 28. b3 Re1+ 29. Kf2 Re2+ 30. Kg3 Nd4 31. a4 Be8 32. Rcg7+ Kf8 33. Rxa7 Kg8 34. Rhb7 Nf5+ 35. Kf4 Nd6 36. Re7 Rxe7 37. Rxe7 Kf8 38. Rc7 Bg6 39. c3 Bc2 40. Ke5 Ne8 41. Rc8 Bxb3 42. Ra8 Ke7 43. Ra7+ Kd8 44. h4 Nc7 45. h5 Kc8 46. Kd6 Ne8+ 47. Kc6 Kb8 48. Kxb6 d4 49. cxd4 cxd4 50. Rd7 Kc8 51. Rxd4 1-0